Normal view
MARC view
Entry Personal Name
001 - CONTROL NUMBER
- control field: 9025
003 - CONTROL NUMBER IDENTIFIER
- control field: IT-RoPau
005 - DATE AND TIME OF LATEST TRANSACTION
- control field: 20140113123222.0
008 - FIXED-LENGTH DATA ELEMENTS
- fixed length control field: 140113|| aca||aabn | a|a d
040 ## - CATALOGING SOURCE
- Original cataloging agency: IT-RoPau
- Transcribing agency: IT-RoPau
100 ## - HEADING--PERSONAL NAME
- Personal name:
- Miscellaneous information: Codice autore musica SPICS: 8026
670 ## - SOURCE DATA FOUND
- Source citation: Work cat.: (IT-RoPau)100464: Eurythmics 9023, Touch (Eurythmics)